Análisis y diseño sísmico de un edificio de acero de dos niveles con pórticos especiales resistentes a momento por medio del método LRFD
Analiza sísmicamente el edificio por medio del método dinámico (modal-espectral) referido en la RNC-07 y apoyándonos con un software de análisis estructural, diseña los elementos estructurales vigas y columnas con los requisitos establecido por la AISC 341-16, AISC 360-16 y RNC 17-AE001, desar...
| Main Authors: | , |
|---|---|
| Other Authors: | |
| Format: | Tesis Section = Libro |
| Language: | Undetermined Spanish |
| Published: |
Managua
UNI
2020
|
| Subjects: |
| LEADER | 01328nam a2200265Ia 4500 | ||
|---|---|---|---|
| 008 | 240830s9999 xx 000 0 und d | ||
| 040 | |a BIBLIOTECA-RUPAP Mon 693.852 F634 | ||
| 041 | |a spa | ||
| 082 | |a Mon 693.852 F634 | ||
| 100 | 1 | |a Flores Bustillo, Enmanuel Antonio | |
| 100 | 1 | |b Castrillo Acevedo, Mateo Thomas | |
| 245 | 1 | 0 | |a Análisis y diseño sísmico de un edificio de acero de dos niveles con pórticos especiales resistentes a momento por medio del método LRFD |
| 260 | |a Managua |b UNI |c 2020 | ||
| 300 | |a 219 p. :il. | ||
| 500 | |a Contiene: anexos y CD. | ||
| 502 | |a Tesis (Ingeniero Civil)- UNI, 2020. | ||
| 520 | 3 | |a Analiza sísmicamente el edificio por medio del método dinámico (modal-espectral) referido en la RNC-07 y apoyándonos con un software de análisis estructural, diseña los elementos estructurales vigas y columnas con los requisitos establecido por la AISC 341-16, AISC 360-16 y RNC 17-AE001, desarrolla el diseño de conexiones, uniones y placa base, elabora el diseño de la losa de entrepiso de acuerdo a las especificaciones de la ACI 318-14. | |
| 650 | 7 | |a CONSTRUCCIONES ANTISISMICAS | |
| 650 | 7 | |b DISEÑO SISMICO | |
| 650 | 7 | |c SISMO RESISTENTE | |
| 650 | 7 | |d METODO LRFD | |
| 700 | 1 | |a Tutor: |b Gutiérrez Mendoza Carlos | |
| 942 | |c BK |2 ddc | ||
| 991 | |a TESIS | ||
| 999 | |c 17922 | ||